00460nam a2200157Ia 4500008004100000020001500041041001200056082002100068100006900089245005100158250001200209260003300221300001100254500002700265650001000292231217s9999 xx 000 0 und d a8178811723 aEnglish a332.66 SEE;1 R aSeethapathi, K ed. Rao, Ramakrishna T S ed. Suryanarayana, A ed. 0aManaging IPOs : the role of investment bankers a1st ed. c2003bICFAI PressaHyderabad av, 199 aContent page available aICFAI